|
|
|
|
| LEADER |
00000nam0a2200000 4500 |
| 001 |
267346 |
| 005 |
20231101234056.0 |
| 035 |
|
|
|a (RuTPU)RU\TPU\book\290403
|
| 090 |
|
|
|a 267346
|
| 100 |
|
|
|a 20140728d1986 m y0rusy50 ca
|
| 101 |
0 |
|
|a rus
|
| 102 |
|
|
|a BY
|
| 105 |
|
|
|a a j 001zy
|
| 200 |
1 |
|
|a Многоканальные системы передачи оптического диапазона
|e учебное пособие для вузов
|f Я. В. Алишев
|
| 210 |
|
|
|a Минск
|c Вышэйшая школа
|d 1986
|
| 215 |
|
|
|a 236 с.
|c ил.
|
| 320 |
|
|
|a Библиогр.: с. 229
|
| 320 |
|
|
|a Предметный указатель: с. 230-232
|
| 320 |
|
|
|a Список сокращений: с. 5-6
|
| 606 |
1 |
|
|a Многоканальная связь
|2 stltpush
|3 (RuTPU)RU\TPU\subj\44143
|9 63516
|
| 610 |
1 |
|
|a квантовые системы
|
| 610 |
1 |
|
|a оптическое излучение
|
| 610 |
1 |
|
|a генераторы
|
| 610 |
1 |
|
|a распространение в атмосфере
|
| 610 |
1 |
|
|a направляющие среды
|
| 610 |
1 |
|
|a приемники
|
| 610 |
1 |
|
|a модуляция
|
| 610 |
1 |
|
|a управление
|
| 610 |
1 |
|
|a волоконно-оптические системы
|
| 610 |
1 |
|
|a космическая связь
|
| 610 |
1 |
|
|a лазерные системы
|
| 610 |
1 |
|
|a проектирование
|
| 610 |
1 |
|
|a расчет
|
| 610 |
1 |
|
|a измерение
|
| 610 |
1 |
|
|a применение
|
| 610 |
1 |
|
|a учебные пособия
|
| 675 |
|
|
|a 621.39.052.3(075.8)
|v 3
|
| 700 |
|
1 |
|a Алишев
|b Я. В.
|
| 801 |
|
1 |
|a RU
|b 63413507
|c 20140728
|
| 801 |
|
2 |
|a RU
|b 63413507
|c 20160907
|g RCR
|
| 942 |
|
|
|c BK
|